000 00770nam a2200217Ia 4500
005 20250108124757.0
008 008 250107s9999 xx 000 0 hin d
037 _aTB
040 _aCRL
_bhin
_cCRL
041 _ahin
_2hin
084 _aX R3
084 _qCRL
100 _aसाहा, रणजीत, संपा.
245 0 _aजागनी: विश्व धर्म सद्भाव को समर्पित शोध - पत्रिका: 2012 - 13
_cसाहा, रणजीत, संपा.
260 _aदिल्ली, भारत
_bश्री प्राणनाथ मिशन
_c2152
300 _a155पृ0
365 _aINR
_b0
650 _aधर्म
942 _cTB
_hX R3
999 _c1234540
_d1234540